[Event "Reykjavik Open 2015"]
[Site "Reykjavik ISL"]
[Date "2015.03.11"]
[Round "3.64"]
[White "Quillien, Emmanuel"]
[Black "Valdimarsson, Einar"]
[Result "0-1"]
[WhiteElo "2202"]
[BlackElo "1889"]
[WhiteFideId "616524"]
[BlackFideId "2304813"]
[EventDate "2015.03.10"]

1. c4 g6 2. g3 Bg7 3. Bg2 c5 4. Nc3 Nf6 5. e4 Nc6 6. Nge2 a6 7. O-O d6 8. d3 Qc7
9. h3 Bd7 10. Bg5 e6 11. Qd2 Nd4 12. Bh6 O-O 13. Nxd4 cxd4 14. Ne2 e5 15. Bxg7
Kxg7 16. f4 h6 17. Rf2 Nh7 18. g4 f6 19. Ng3 b5 20. b3 bxc4 21. bxc4 Rab8 22.
Kh1 Rb7 23. Rg1 Rfb8 24. Bf1 Qc5 25. h4 Bxg4 26. fxe5 Rb2 27. exf6+ Nxf6 28.
Qxb2 Rxb2 29. Rxb2 Qe5 30. Rf2 Nh5 31. Nxh5+ Qxh5 32. Rh2 Bf3+ 33. Bg2 Bxg2+ 34.
Rhxg2 Qxh4+ 35. Rh2 Qf4 36. Rh3 g5 37. Rhg3 Kg6 38. R1g2 Qh4+ 39. Kg1 Qf4 40.
Kh1 a5 41. Kg1 a4 42. Kh1 a3 43. Kg1 Qh4 44. Kf1 Qh5 45. Kg1 Kg7 46. Rg4 Kf6 47.
R4g3 Ke6 48. Rh2 Qd1+ 49. Kg2 Qe2+ 50. Kg1 Qd1+ 51. Kg2 h5 52. Kh3 h4 53. Rxg5
Qf3+ 0-1

[Event "Reykjavik Open 2015"]
[Site "Reykjavik ISL"]
[Date "2015.03.11"]
[Round "3.65"]
[White "Milvang, Otto"]
[Black "Arnold, Max"]
[Result "0-1"]
[WhiteElo "1872"]
[BlackElo "2189"]
[WhiteFideId "1511360"]
[BlackFideId "24682810"]
[EventDate "2015.03.10"]

1. e4 e5 2. Nf3 Nc6 3. Bb5 Nf6 4. O-O Nxe4 5. d4 Nd6 6. Bxc6 dxc6 7. dxe5 Nf5 8.
Qxd8+ Kxd8 9. Nc3 Ke8 10. Bf4 Be6 11. Rad1 Bb4 12. Bd2 h6 13. Ne4 Be7 14. Bc3
Rd8 15. b3 Rxd1 16. Rxd1 Bd5 17. Re1 Kd8 18. Ng3 Nxg3 19. hxg3 Re8 20. Nd4 Bf8
21. f4 h5 22. Bb2 Bc5 23. Kh2 g6 24. c4 Bxd4 25. Bxd4 Be6 26. Rd1 Kc8 27. Bc3 b6
28. Kg1 c5 29. Kf2 a5 30. Rd2 a4 31. Ke3 Kb7 32. Bb2 Kc6 33. Kd3 Rd8+ 34. Kc3
Ra8 35. Rd1 Bg4 36. Rd2 Bf5 37. Rd1 Be4 38. Rd2 Bb1 39. a3 axb3 40. Kxb3 Bf5 41.
Kc3 Be6 42. Rc2 Ra4 43. Kb3 b5 44. Rc3 Bxc4+ 45. Kc2 Bd5 46. Re3 Rc4+ 47. Kd3
Be6 48. Kd2 Bf5 49. Rc3 Kd5 50. Rxc4 Kxc4 51. Bc3 b4 52. axb4 cxb4 53. Bb2 c5
54. Kc1 Kb3 55. e6 Bxe6 56. Bf6 c4 57. Be7 c3 58. Bd6 Kc4 59. Be5 b3 60. Bf6 b2+
61. Kc2 Bf5+ 0-1

[Event "Reykjavik Open 2015"]
[Site "Reykjavik ISL"]
[Date "2015.03.11"]
[Round "3.66"]
[White "Zhou, Qiyu"]
[Black "Nordquelle, Daniel"]
[Result "1-0"]
[WhiteTitle "WFM"]
[WhiteElo "2182"]
[BlackElo "1874"]
[WhiteFideId "505161"]
[BlackFideId "1519042"]
[EventDate "2015.03.10"]

1. e4 e6 2. d4 d5 3. Nc3 Bb4 4. e5 c5 5. a3 Bxc3+ 6. bxc3 Qc7 7. Bd2 f5 8. h4
Nc6 9. Nf3 Nge7 10. h5 h6 11. Bd3 Bd7 12. Rh4 O-O-O 13. g4 c4 14. Be2 fxg4 15.
Rxg4 Nf5 16. Nh4 Nce7 17. Ng2 g5 18. hxg6 h5 19. Rg5 h4 20. Nf4 h3 21. Bf3 Rdg8
22. Ke2 Qd8 23. Qh1 h2 24. Bh5 Nc6 25. Rg2 Qc7 26. Rxh2 Ncxd4+ 27. cxd4 Nxd4+
28. Kd1 Qxe5 29. Ra2 Ba4 30. Bg4 Rxh2 31. Qxh2 Rxg6 32. Qh3 Nxc2 33. Rxc2 Qa1+
34. Bc1 Qd4+ 35. Ke1 Rg5 36. Nxe6 Qxg4 37. Nxg5 Qxh3 38. Nxh3 Bxc2 39. Be3 Kc7
40. Kd2 Ba4 41. Nf4 Bc6 42. Ne6+ Kd7 43. Nd4 Ba4 44. Kc3 Bd1 45. Kb4 b6 46. Kb5
Kd6 47. Bf4+ Kd7 48. Ka6 1-0

[Event "Reykjavik Open 2015"]
[Site "Reykjavik ISL"]
[Date "2015.03.11"]
[Round "3.67"]
[White "Heimisson, Hilmir Freyr"]
[Black "Bjerke, Richard"]
[Result "1-0"]
[BlackTitle "FM"]
[WhiteElo "1861"]
[BlackElo "2180"]
[WhiteFideId "2309998"]
[BlackFideId "1500252"]
[EventDate "2015.03.10"]

1. d4 Nf6 2. c4 g6 3. Nc3 Bg7 4. Nf3 O-O 5. g3 d6 6. Bg2 Nbd7 7. O-O e5 8. e4 c6
9. b3 Re8 10. Re1 Qb6 11. Bb2 a5 12. Qd2 exd4 13. Na4 Qc7 14. Nxd4 Nc5 15. e5
dxe5 16. Nxc5 exd4 17. Rxe8+ Nxe8 18. Re1 Bf5 19. h3 h5 20. Qd1 Rd8 21. g4 hxg4
22. hxg4 Bc8 23. Bc1 Nf6 24. Bf3 b6 25. Nd3 Bb7 26. Bf4 Qc8 27. g5 Nd7 28. Bg4
c5 29. Re7 Qc6 30. f3 f5 31. gxf6 Bxf6 32. Re6 Qxe6 33. Bxe6+ Kg7 34. Qf1 Nf8
35. Qh3 Nxe6 36. Qxe6 g5 37. Be5 Rf8 38. Qe7+ 1-0

[Event "Reykjavik Open 2015"]
[Site "Reykjavik ISL"]
[Date "2015.03.11"]
[Round "3.68"]
[White "Haessel, Dale R."]
[Black "Meier, Gerd"]
[Result "1-0"]
[WhiteTitle "FM"]
[WhiteElo "2174"]
[BlackElo "1868"]
[WhiteFideId "2012618"]
[BlackFideId "4682971"]
[EventDate "2015.03.10"]

1. d4 Nf6 2. c4 e5 3. dxe5 Ng4 4. Bf4 Bb4+ 5. Nd2 Nc6 6. Nf3 Qe7 7. e3 Ngxe5 8.
Nxe5 Nxe5 9. Be2 O-O 10. O-O Bxd2 11. Qxd2 d6 12. b4 Be6 13. c5 f6 14. cxd6 cxd6
15. Rfd1 Rfd8 16. Rac1 Rac8 17. h3 Rxc1 18. Rxc1 Qd7 19. b5 b6 20. a4 d5 21. Qd4
Ng6 22. Rc7 Qe8 23. Rxa7 Nxf4 24. Qxf4 1-0

[Event "Reykjavik Open 2015"]
[Site "Reykjavik ISL"]
[Date "2015.03.11"]
[Round "3.69"]
[White "Hauksson, Hordur Aron"]
[Black "Byron, Alan M"]
[Result "0-1"]
[WhiteElo "1853"]
[BlackElo "2172"]
[WhiteFideId "2303680"]
[BlackFideId "401773"]
[EventDate "2015.03.10"]

1. d4 Nf6 2. c4 g6 3. Nc3 Bg7 4. e4 d6 5. f3 O-O 6. Be3 e5 7. Nge2 c6 8. Qd2
Nbd7 9. O-O-O a6 10. Bh6 b5 11. Bxg7 Kxg7 12. dxe5 dxe5 13. Qd6 Qb6 14. Kb1 Rb8
15. Nc1 Re8 16. Be2 Re6 17. Qd2 Ne8 18. cxb5 axb5 19. h4 h6 20. Qc2 Qa7 21. h5
g5 22. Bf1 Rf6 23. N3e2 Nf8 24. Qc3 Nd7 25. Ng3 b4 26. Qc2 Nc5 27. Bc4 Nd6 28.
Bb3 Ra8 29. Nge2 Qa5 30. Rxd6 Rxd6 31. Bc4 Be6 32. Bxe6 Nxe6 33. b3 Rad8 34. Ng3
Rd2 35. Nf5+ Kh7 36. Qxc6 Qa3 0-1

[Event "Reykjavik Open 2015"]
[Site "Reykjavik ISL"]
[Date "2015.03.11"]
[Round "3.70"]
[White "Loftsson, Hrafn"]
[Black "Johansen, Lars"]
[Result "1-0"]
[WhiteElo "2171"]
[BlackElo "1855"]
[WhiteFideId "2300729"]
[BlackFideId "1506455"]
[EventDate "2015.03.10"]

1. Nf3 d5 2. d4 Nf6 3. c4 c6 4. Nc3 dxc4 5. a4 Bf5 6. Ne5 Nbd7 7. Nxc4 Qc7 8. g3
e5 9. dxe5 Nxe5 10. Bf4 Nfd7 11. Bg2 f6 12. O-O g5 13. Nxe5 Nxe5 14. Bxe5 Qxe5
15. Qb3 Qe7 16. a5 Be6 17. Qc2 a6 18. Be4 Qf7 19. Bf5 Be7 20. Qe4 Bxf5 21. Qxf5
O-O 22. Ra4 Rad8 23. h4 Rd2 24. Rb1 Rfd8 25. Re4 R2d4 26. Rxd4 Rxd4 27. Qc8+ Bd8
28. e3 Rd7 29. Ne4 Kg7 30. Nc5 Rd2 31. Ne6+ Kg6 32. h5+ Kh6 33. Nxd8 Qe8 34.
Qxb7 Rxd8 35. Qxa6 Kxh5 36. Rc1 Rd6 37. Qc4 Qd7 38. a6 c5 39. Ra1 Qa7 40. Qe2+
Kg6 41. Ra5 Rc6 42. Qc4 Kg7 43. b4 h5 44. Rxc5 Rxc5 45. bxc5 h4 46. gxh4 gxh4
47. c6 Qc7 48. Qd5 Qb6 49. a7 1-0

[Event "Reykjavik Open 2015"]
[Site "Reykjavik ISL"]
[Date "2015.03.11"]
[Round "3.71"]
[White "Marshall, Michael"]
[Black "Hardarson, Jon Trausti"]
[Result "0-1"]
[WhiteElo "1844"]
[BlackElo "2170"]
[WhiteFideId "1409956"]
[BlackFideId "2302594"]
[EventDate "2015.03.10"]

1. c4 c5 2. g3 g6 3. Bg2 Bg7 4. Nf3 Nc6 5. Nc3 e6 6. O-O Nge7 7. d3 d5 8. cxd5
exd5 9. Bd2 O-O 10. Re1 b6 11. Rb1 d4 12. Na4 Nd5 13. a3 a5 14. Qc2 h6 15. Rbc1
Be6 16. e4 dxe3 17. fxe3 Rc8 18. Nc3 Nd4 19. Qd1 Nxc3 20. Bxc3 Nf5 21. Bxg7 Kxg7
22. Qd2 Qd6 23. Qc3+ Kg8 24. Rcd1 Rfe8 25. Qf6 Rcd8 26. Qc3 a4 27. Ne5 Bb3 28.
Rd2 Qxe5 29. Qxe5 Rxe5 30. Kf2 Bc4 31. Bf1 Kg7 32. Rdd1 Bb3 33. Rd2 Rde8 34. e4
Nd4 35. Rc1 b5 36. Bh3 Be6 37. Bxe6 R8xe6 0-1

[Event "Reykjavik Open 2015"]
[Site "Reykjavik ISL"]
[Date "2015.03.11"]
[Round "3.72"]
[White "Simpson, Ben"]
[Black "Halldorsson, Bragi"]
[Result "1-0"]
[WhiteElo "1843"]
[BlackElo "2140"]
[WhiteFideId "444405"]
[BlackFideId "2300907"]
[EventDate "2015.03.10"]

1. e4 c6 2. d4 d5 3. Nc3 dxe4 4. Nxe4 Bf5 5. Ng3 Bg6 6. h4 h6 7. Nf3 Nd7 8. h5
Bh7 9. Bd3 Ngf6 10. Bxh7 Nxh7 11. Qe2 e6 12. Bd2 Nhf6 13. c4 Be7 14. Bc3 O-O 15.
O-O Qc7 16. Rfd1 Rfe8 17. Ne5 Rad8 18. b4 b5 19. Qf3 Rc8 20. c5 Rf8 21. a4 Nd5
22. axb5 cxb5 23. Ra5 Bf6 24. Nxd7 Qxd7 25. Ne4 Be7 26. Rda1 Rc7 27. Qd3 f5 28.
Nd2 Bf6 29. Nf3 Qf7 30. Bd2 Qxh5 31. Qxb5 Qg4 32. Qd3 Rff7 33. Ra6 Rfe7 34. Re1
Kf7 35. Re5 Qh5 36. Re1 g5 37. Qe2 g4 38. Ne5+ Bxe5 39. Qxe5 Qg6 40. b5 Rb7 41.
Rd6 Nc7 42. b6 axb6 43. cxb6 Nd5 44. Rxd5 exd5 45. Qxd5+ Kg7 46. Rxe7+ Rxe7 47.
Bb4 Qe6 48. Qa8 Rd7 49. b7 1-0

[Event "Reykjavik Open 2015"]
[Site "Reykjavik ISL"]
[Date "2015.03.11"]
[Round "3.73"]
[White "Gonzalez Pruneda, Arturo"]
[Black "Birkisson, Bjorn Holm"]
[Result "1-0"]
[WhiteElo "2131"]
[BlackElo "1845"]
[WhiteFideId "2256860"]
[BlackFideId "2310600"]
[EventDate "2015.03.10"]

1. e4 e5 2. Nf3 Nc6 3. d4 exd4 4. Bc4 Bc5 5. c3 d6 6. cxd4 Bb4+ 7. Nc3 Nf6 8. d5
Ne5 9. Qa4+ c6 10. Qxb4 a5 11. Qb3 a4 12. Qb4 c5 13. Bb5+ Kf8 14. Qa3 Nfd7 15.
Nxe5 Nxe5 16. Bf4 Ng6 17. Be3 Bd7 18. O-O Nh4 19. Bxd7 Qxd7 20. Ne2 g5 21. Bxg5
Nxg2 22. Bh6+ Ke7 23. Kxg2 Rag8+ 24. Ng3 Rg6 25. Qe3 Rhg8 26. e5 Kd8 27. exd6
Qxd6 28. Bf4 Qb6 29. Rfe1 h5 30. Re2 h4 31. Rae1 Qf6 32. Qe7+ Qxe7 33. Rxe7 hxg3
34. fxg3 b5 35. Rb7 b4 36. Ree7 f5 37. d6 Kc8 38. Rec7+ 1-0

[Event "Reykjavik Open 2015"]
[Site "Reykjavik ISL"]
[Date "2015.03.11"]
[Round "3.74"]
[White "Arroyo Figuero, Fernando"]
[Black "Sigeman, Johan"]
[Result "0-1"]
[WhiteElo "1835"]
[BlackElo "2123"]
[WhiteFideId "22218769"]
[BlackFideId "1705601"]
[EventDate "2015.03.10"]

1. e4 e5 2. Nf3 Nc6 3. Nc3 Nf6 4. d4 exd4 5. Nxd4 Bb4 6. Nxc6 bxc6 7. Bd3 d5 8.
exd5 cxd5 9. O-O O-O 10. Bg5 c6 11. Qf3 Bd6 12. Rae1 Rb8 13. Nd1 h6 14. Bxf6
Qxf6 15. Qxf6 gxf6 16. b3 a5 17. Ne3 Bb4 18. Rb1 Re8 19. c4 d4 20. Nc2 Bc3 21.
f3 Bd7 22. Rf2 Re7 23. Re2 Rxe2 24. Bxe2 Bf5 25. Bd1 d3 26. Na3 Bb4 0-1

[Event "Reykjavik Open 2015"]
[Site "Reykjavik ISL"]
[Date "2015.03.11"]
[Round "3.75"]
[White "Tolhuizen, Ludo"]
[Black "Andersen, Dag"]
[Result "1-0"]
[WhiteElo "2123"]
[BlackElo "1843"]
[WhiteFideId "1000802"]
[BlackFideId "1504568"]
[EventDate "2015.03.10"]

1. d4 d5 2. Nf3 e6 3. c4 c6 4. Nbd2 Nf6 5. e3 Be7 6. Bd3 Nbd7 7. O-O O-O 8. b3
h6 9. Bb2 Re8 10. Qe2 b6 11. e4 dxe4 12. Nxe4 Bb7 13. Rad1 Nxe4 14. Qxe4 Nf6 15.
Qe2 Qc7 16. Ne5 Bf8 17. Ng4 Nxg4 18. Qxg4 c5 19. d5 e5 20. Rde1 Bc8 21. Qg3 Bd6
22. f4 f6 23. Qg6 1-0

[Event "Reykjavik Open 2015"]
[Site "Reykjavik ISL"]
[Date "2015.03.11"]
[Round "3.76"]
[White "Jonsson, Pall G"]
[Black "Gonzalez Gonzalez, Alfonso"]
[Result "1-0"]
[WhiteElo "1833"]
[BlackElo "2122"]
[WhiteFideId "2303205"]
[BlackFideId "2223007"]
[EventDate "2015.03.10"]

1. b4 e5 2. Bb2 e4 3. c4 Nf6 4. a3 c6 5. e3 d5 6. Nc3 Bd6 7. cxd5 cxd5 8. Nb5
Be7 9. Nd4 O-O 10. Nge2 Bg4 11. h3 Bh5 12. Qb3 a5 13. b5 Nbd7 14. Nf4 Nc5 15.
Qa2 Bg6 16. a4 Rc8 17. Be2 Qd7 18. O-O Bd6 19. Nxg6 hxg6 20. Rac1 Rfe8 21. Bc3
b6 22. Nc6 Bc7 23. Bd4 Qd6 24. g3 Nh5 25. Bxh5 gxh5 26. Bxc5 bxc5 27. Qc2 c4 28.
Qd1 h4 29. Qg4 hxg3 30. f4 exf3 31. Rxf3 g2 32. Qxg2 Bb6 33. Rcf1 Rc7 34. Rg3 g6
35. Rg5 d4 36. Rd5 Qa3 37. exd4 Qxa4 38. Kh1 Qc2 39. Ne5 Bxd4 40. Rxd4 Rxe5 41.
Rd8+ Kg7 42. b6 Rcc5 43. b7 Rb5 44. b8=Q Rxb8 45. Rxb8 Rf5 46. Rbb1 a4 47. Rbc1
Rxf1+ 48. Rxf1 a3 49. Qf3 f5 50. Qc3+ 1-0

[Event "Reykjavik Open 2015"]
[Site "Reykjavik ISL"]
[Date "2015.03.11"]
[Round "3.77"]
[White "Thorsteinsson, Erlingur"]
[Black "Birkisson, Bardur Orn"]
[Result "1/2-1/2"]
[WhiteElo "2119"]
[BlackElo "1839"]
[WhiteFideId "2301091"]
[BlackFideId "2310597"]
[EventDate "2015.03.10"]

1. Nf3 Nf6 2. b3 g6 3. Bb2 Bg7 4. g3 O-O 5. Bg2 c5 6. c4 Nc6 7. O-O d6 8. Re1
Bg4 9. h3 Bd7 10. e3 e6 11. d4 cxd4 12. exd4 Rc8 13. Nc3 a6 14. d5 exd5 15. Nxd5
Nxd5 16. Bxg7 Kxg7 17. cxd5 Ne7 18. Qd4+ Kg8 19. Ng5 Nf5 20. Qd2 Ng7 21. Rac1
Re8 22. Qf4 Rxc1 23. Rxc1 Bf5 24. g4 h6 25. Nf3 g5 26. Qb4 Bc8 27. Nd2 f5 28.
Nc4 Re2 29. Qxd6 Qe8 30. Qxh6 Re1+ 31. Rxe1 Qxe1+ 32. Bf1 fxg4 33. hxg4 Bxg4 34.
Qxg5 Bh3 35. Ne3 Bxf1 36. Nxf1 Qd1 37. Qe5 Nh5 38. Qe6+ Kg7 39. d6 Nf6 40. Qe5
Kf7 41. Qe7+ Kg6 42. Qxb7 Qxd6 43. Ne3 Qa3 44. Qg2+ Kf7 45. f3 Qc1+ 46. Nf1 Qc5+
47. Kh1 Qh5+ 48. Nh2 Qf5 49. Qe2 a5 50. Qc4+ Ke7 51. Qc1 Nh5 52. Qc7+ Kf8 53.
Qd8+ Kf7 54. Qd2 Qh3 55. Kg1 Qg3+ 56. Kf1 Nf4 57. a3 Qh3+ 58. Kg1 Qg3+ 59. Kh1
Nh3 60. Qg2 Qe1+ 61. Nf1 Nf4 62. Qg1 Nh3 63. Qa7+ Kf6 64. Qd4+ Kf7 65. Qd7+ Qe7
66. Qxh3 Qxa3 67. Qf5+ Ke7 68. Qe4+ Kf6 69. Qc4 Qa2 70. Ng3 Qb1+ 71. Kg2 Qb2+
72. Kh3 Qe5 73. Ne4+ Kg6 74. Qg8+ Kh6 75. Qf8+ Kg6 76. Qg8+ Kh6 77. Qf7 a4 78.
bxa4 Qh2+ 79. Kg4 Qh3+ 80. Kf4 Qxf3+ 1/2-1/2

[Event "Reykjavik Open 2015"]
[Site "Reykjavik ISL"]
[Date "2015.03.11"]
[Round "3.78"]
[White "Lurdalen, Svein Erik"]
[Black "Risting, Eivind Olav"]
[Result "0-1"]
[WhiteElo "1824"]
[BlackElo "2100"]
[WhiteFideId "1519476"]
[BlackFideId "1517333"]
[EventDate "2015.03.10"]

1. b4 e5 2. Bb2 Bxb4 3. Bxe5 Nf6 4. e3 O-O 5. Nf3 Re8 6. Bb2 d5 7. Be2 c5 8. O-O
Nc6 9. c3 Ba5 10. d4 c4 11. Nbd2 b5 12. a3 Bc7 13. Qc2 g6 14. Rae1 a5 15. Bd1
Qe7 16. Qc1 Bf5 17. Bc2 Bxc2 18. Qxc2 Bd6 19. Nb1 Rab8 20. Nfd2 h5 21. f3 Qc7
22. h3 h4 23. f4 Nh5 24. Nf3 Ng3 25. Nxh4 Nxf1 26. Kxf1 Bxf4 27. exf4 Rxe1+ 28.
Kxe1 Qe7+ 29. Kf1 Qxh4 30. Bc1 Re8 31. Qf2 Qxf2+ 32. Kxf2 b4 33. axb4 axb4 34.
cxb4 Nxb4 35. Bd2 Na2 36. Nc3 Nxc3 37. Bxc3 Ra8 38. Bd2 Ra3 39. h4 c3 0-1

[Event "Reykjavik Open 2015"]
[Site "Reykjavik ISL"]
[Date "2015.03.11"]
[Round "3.79"]
[White "Gulbrandsen, Tor"]
[Black "Haraldsson, Sigurjon"]
[Result "1-0"]
[WhiteElo "2095"]
[BlackElo "1833"]
[WhiteFideId "1504142"]
[BlackFideId "2303655"]
[EventDate "2015.03.10"]

1. c4 e5 2. g3 Nf6 3. Bg2 Nc6 4. Nc3 g6 5. d3 Bg7 6. Rb1 O-O 7. b4 d6 8. Bg5 Ne7
9. Nf3 c6 10. O-O Be6 11. Qd2 Qc7 12. b5 d5 13. bxc6 bxc6 14. cxd5 Nfxd5 15. Ne4
Rfb8 16. Nc5 Bc8 17. e4 Rxb1 18. Rxb1 Nf6 19. Qc3 h6 20. Bc1 Nd7 21. Ba3 g5 22.
Ne6 fxe6 23. Bxe7 Nf8 24. Qc5 Ng6 25. Bd6 Qd7 26. Bh3 Ba6 27. Rd1 Rd8 28. Bxe5
Qf7 29. Bg4 Rxd3 30. Rxd3 Bxd3 31. Bxg7 Qxg7 32. Bxe6+ Kh8 33. Qd4 Qxd4 34. Nxd4
Bxe4 35. f3 Bd5 36. Bxd5 cxd5 37. Nc6 Kg7 38. Nxa7 Kf6 39. Nc6 Ke6 40. Kf2 Kd6
41. Nd4 h5 42. Ke3 Ne5 43. a4 Nc4+ 44. Ke2 Ke5 45. Nb3 Kd6 46. a5 Kc6 47. Kd3
Ne5+ 48. Ke3 Kb5 49. Nd2 Kxa5 50. Kd4 Nc6+ 51. Kxd5 Kb5 52. Ne4 Nb4+ 53. Ke6 g4
54. fxg4 hxg4 55. Nf2 1-0

[Event "Reykjavik Open 2015"]
[Site "Reykjavik ISL"]
[Date "2015.03.11"]
[Round "3.80"]
[White "Stuhr, Finn"]
[Black "Bucher, Grant W"]
[Result "0-1"]
[WhiteElo "1823"]
[BlackElo "2087"]
[WhiteFideId "1400789"]
[BlackFideId "413810"]
[EventDate "2015.03.10"]

1. e4 e5 2. Nf3 Nc6 3. Bb5 a6 4. Ba4 Nf6 5. O-O b5 6. Bb3 Bc5 7. Re1 d6 8. c3
O-O 9. d4 Bb6 10. Bg5 Bb7 11. Bd5 Re8 12. b4 Ra7 13. Bxc6 Bxc6 14. dxe5 dxe5 15.
Qxd8 Rxd8 16. Nxe5 Bxe4 17. Bxf6 gxf6 18. Ng4 Kg7 19. Ne3 c5 20. Nf1 Bg6 21.
Nbd2 Rad7 22. Ne4 cxb4 23. cxb4 Rd4 24. Nc3 Rxb4 25. Ne3 Rb2 26. Re2 Rxe2 27.
Nxe2 Rd3 28. Nf4 Rxe3 29. a4 Rb3 30. Nd5 bxa4 31. Kf1 Rb1+ 0-1

[Event "Reykjavik Open 2015"]
[Site "Reykjavik ISL"]
[Date "2015.03.11"]
[Round "3.81"]
[White "Thorhallsson, Gylfi"]
[Black "Borg, Flemming"]
[Result "0-1"]
[WhiteElo "2084"]
[BlackElo "1828"]
[WhiteFideId "2300800"]
[BlackFideId "1505823"]
[EventDate "2015.03.10"]

1. e4 d5 2. exd5 Qxd5 3. Nc3 Qa5 4. d4 Nf6 5. Bd2 c6 6. Be2 Bf5 7. Nf3 e6 8. O-O
h6 9. a3 Qc7 10. b4 Bd6 11. Re1 O-O 12. h3 Nd5 13. Nxd5 cxd5 14. Rc1 Nd7 15. c4
dxc4 16. Bxc4 Qb8 17. Nh4 Bh7 18. Rxe6 fxe6 19. Bxe6+ Kh8 20. Bxd7 Qd8 21. Qg4
Be7 22. Nf5 Bg5 23. Ne3 Rf4 24. Qe6 Rxd4 25. Bc8 Bg8 26. Qf5 Rxd2 27. Bxb7 Bxe3
28. Bxa8 Rxf2 29. Qe4 Qxa8 30. Qxa8 Rf8+ 0-1

[Event "Reykjavik Open 2015"]
[Site "Reykjavik ISL"]
[Date "2015.03.11"]
[Round "3.82"]
[White "Machado, Eduardo Ribeiro"]
[Black "Hald, Jens Erik Kofoed"]
[Result "1/2-1/2"]
[WhiteElo "1818"]
[BlackElo "2069"]
[WhiteFideId "2140608"]
[BlackFideId "1401840"]
[EventDate "2015.03.10"]

1. d4 d6 2. g3 g6 3. Bg2 Bg7 4. Nf3 Nf6 5. O-O O-O 6. c4 Nbd7 7. Nc3 e5 8. Qc2
c6 9. h3 Qe7 10. e4 a6 11. Be3 Rb8 12. a4 Re8 13. Rfe1 Qf8 14. a5 Bh6 15. Qd2
Bxe3 16. Qxe3 Qe7 17. Rad1 exd4 18. Qxd4 Ne5 19. Kh2 Nxf3+ 20. Bxf3 Be6 21. Be2
Red8 22. Bf1 Ne8 23. Bg2 Qf6 24. b3 Kf8 25. Ne2 Qxd4 26. Rxd4 c5 27. Rd2 b6 28.
axb6 Rxb6 29. Nc1 f6 30. Red1 Ke7 31. h4 Rdb8 32. Ra2 Nc7 33. Bh3 R8b7 34. Rd3
Bxh3 35. Kxh3 Ne6 36. Ra3 Nd4 37. Kg2 h6 38. Kf1 g5 39. hxg5 hxg5 40. Kg1 g4 41.
Kf1 Kf8 42. Ne2 Nf3 43. Nf4 Rh7 44. Rd1 Rh1+ 45. Ke2 Nd4+ 46. Kd2 Nxb3+ 47. Kc2
Nd4+ 48. Kc1 Rb1+ 49. Kxb1 Rxd1+ 50. Kb2 Rd2+ 51. Kb1 Rxf2 52. Rxa6 Rf3 53. Nh5
Ne2 54. Rxd6 Nc3+ 55. Kc2 Nxe4 56. Re6 Rc3+ 57. Kd1 Rxc4 58. Nxf6 Nxf6 59. Rxf6+
Kg7 60. Rc6 Rc3 61. Ke2 c4 62. Kd2 Rxg3 63. Rxc4 Kf6 64. Ke2 Kg5 65. Kf2 Kh4 66.
Rc8 Rf3+ 67. Kg2 Rf5 68. Rh8+ Kg5 69. Rg8+ Kf4 70. Rg7 Ra5 71. Rf7+ Kg5 72. Rg7+
Kf5 73. Rg8 Ra2+ 74. Kg3 Ra3+ 75. Kg2 Ra6 1/2-1/2

[Event "Reykjavik Open 2015"]
[Site "Reykjavik ISL"]
[Date "2015.03.11"]
[Round "3.83"]
[White "Miller, David"]
[Black "Johansen, Arnt-Ole"]
[Result "1/2-1/2"]
[WhiteElo "2066"]
[BlackElo "1819"]
[WhiteFideId "2608634"]
[BlackFideId "1516728"]
[EventDate "2015.03.10"]

1. e4 c6 2. Nc3 d5 3. Nf3 Bg4 4. h3 Bh5 5. exd5 cxd5 6. Bb5+ Nc6 7. g4 Bg6 8.
Ne5 Qc7 9. d4 e6 10. Qe2 Ne7 11. Bf4 Qb6 12. O-O-O O-O-O 13. Qe3 a6 14. Bxc6
Nxc6 15. Na4 Qb5 16. Nxc6 Qxc6 17. Qc3 Bd6 18. Qxc6+ bxc6 19. Bxd6 Rxd6 20. Nc5
a5 21. Rhe1 Kc7 22. Re3 Rdd8 23. Rb3 Ra8 24. Rb7+ Kc8 25. Re1 a4 26. Re3 Ra5 27.
Rb4 h5 28. Nxa4 hxg4 29. Reb3 Rb5 30. hxg4 Rxb4 31. Rxb4 Rh1+ 32. Kd2 Rf1 33.
Ke2 Rg1 34. c3 Rxg4 35. Nc5 Rg1 36. a4 Ra1 37. Nb3 Rb1 38. Na5 Kc7 39. Rb7+ Kc8
40. Rb6 Bc2 41. b3 Kd7 42. Kd2 Bd1 43. Nb7 Kc7 44. Rb4 Bxb3 45. Nc5 Ba2 46. a5
Rxb4 47. cxb4 Bc4 48. Ke3 Ba2 49. Kf4 Bb1 50. Ke5 Bf5 51. Kf4 f6 52. Na6+ 1/2-1/2

[Event "Reykjavik Open 2015"]
[Site "Reykjavik ISL"]
[Date "2015.03.11"]
[Round "3.84"]
[White "Hansen, Tommy"]
[Black "Stray, Gunnar"]
[Result "0-1"]
[WhiteElo "1807"]
[BlackElo "2065"]
[WhiteFideId "1511009"]
[BlackFideId "1501631"]
[EventDate "2015.03.10"]

1. e4 c5 2. Nc3 Nc6 3. Bb5 g6 4. Bxc6 dxc6 5. d3 Bg7 6. f4 c4 7. Nf3 cxd3 8.
cxd3 Nf6 9. O-O O-O 10. Kh1 c5 11. Be3 b6 12. d4 cxd4 13. Nxd4 Bb7 14. Qf3 Qc8
15. f5 Qc4 16. Rac1 Qb4 17. Rf2 Rad8 18. a3 Qd6 19. Ndb5 Qd3 20. Rd2 Qc4 21. Rd4
Rxd4 22. Nxd4 Qc8 23. Nd5 Qd8 24. Nc6 Bxc6 25. Rxc6 Nxd5 26. exd5 Qd7 27. fxg6
fxg6 28. Qe2 Qxd5 29. Rc7 Qe4 30. Rc4 Qe6 31. b3 Bh6 32. Rc3 Bxe3 33. Rxe3 Qxe3
34. Qxe3 Rf1+ 35. Qg1 Rxg1+ 36. Kxg1 Kf7 37. Kf1 Ke6 38. Ke2 Ke5 39. Ke3 e6 40.
b4 b5 41. h4 h6 42. g3 g5 43. h5 Kd5 44. Kd3 e5 45. g4 e4+ 46. Ke3 Ke5 47. Ke2
Kf4 48. Kf2 Kxg4 0-1

[Event "Reykjavik Open 2015"]
[Site "Reykjavik ISL"]
[Date "2015.03.11"]
[Round "3.86"]
[White "Bergsson, Stefan"]
[Black "Nicholson, John"]
[Result "1-0"]
[WhiteElo "2063"]
[BlackElo "1808"]
[WhiteFideId "2301393"]
[BlackFideId "2501724"]
[EventDate "2015.03.10"]

1. e4 e6 2. d4 d5 3. Nc3 Be7 4. Nf3 Nf6 5. Bd3 c5 6. e5 Nfd7 7. dxc5 Bxc5 8. O-O
Nc6 9. Qe2 f6 10. exf6 Nxf6 11. Bg5 O-O 12. Rae1 e5 13. Nxe5 Nxe5 14. Qxe5 Bd6
15. Qd4 Bxh2+ 16. Kxh2 Qc7+ 17. f4 1-0